Покорение высоты

Dettagli Bibliografici
Autore principale: Сорокин И. В. Игорь Владимирович
Riassunto:В книге рассказано о жизненном и творческом пути лауреата Ленинской и Государственной премий, доктора технических наук заслуженного строителя РСФСР Н. В. Никитина, показан крупный вклад, который внес он в развитие советского строительного искусства. Значительное место отведено творческому наследию Н. В. Никитина в области индустриализации промышленного и гражданского строительства, в сооружении Останкинской телевизионной башни и других уникальных объектов. Книга рассчитана на широкий круг читателей.
Lingua:russo
Pubblicazione: Москва, Московский рабочий, 1983
Soggetti:
Natura: MixedMaterials Libro
KOHA link:https://koha.lib.tpu.ru/cgi-bin/koha/opac-detail.pl?biblionumber=183861

MARC

LEADER 00000nam0a2200000 4500
001 183861
005 20231101223810.0
020 |a RU  |b 83-14637 
035 |a (RuTPU)RU\TPU\book\199326 
090 |a 183861 
100 |a 20100824d1983 m y0rusy5003 ca 
101 0 |a rus 
102 |a RU 
105 |a y z 000zb 
200 1 |a Покорение высоты  |f И. В. Сорокин 
210 |a Москва  |c Московский рабочий  |d 1983 
215 |a 175 с.  |c 16 л. ил.  |d 21 см 
330 |a В книге рассказано о жизненном и творческом пути лауреата Ленинской и Государственной премий, доктора технических наук заслуженного строителя РСФСР Н. В. Никитина, показан крупный вклад, который внес он в развитие советского строительного искусства. Значительное место отведено творческому наследию Н. В. Никитина в области индустриализации промышленного и гражданского строительства, в сооружении Останкинской телевизионной башни и других уникальных объектов. Книга рассчитана на широкий круг читателей. 
600 1 |a Никитин  |b Н. В.  |c русский ученый-строитель  |c Выпускник Томского технологического института  |f 1907-1973  |g Николай Васильевич  |2 stltpush  |3 (RuTPU)RU\TPU\pers\21281 
606 1 |a Строительное дело  |2 stltpush  |3 (RuTPU)RU\TPU\subj\57263  |9 75125 
610 1 |a СССР 
610 1 |a выпускники ТПУ 
610 1 |a создание 
610 1 |a Останкинская башня 
610 1 |a 20 век 
610 1 |a ТПУ 
610 1 |a история 
610 1 |a Томск 
610 1 |a Коллекция История ТПУ 
675 |a 69  |z rus  |v 3 
700 1 |a Сорокин  |b И. В.  |g Игорь Владимирович 
801 0 |a RU  |b RuMRKP  |c 19950704  |g psbo 
801 1 |a RU  |b 63413507  |c 20100824 
801 2 |a RU  |b 63413507  |c 20210126  |g RCR 
942 |c BK